| 000 | 00966nas a2200301 4500 | ||
|---|---|---|---|
| 001 | BR2019001479 | ||
| 003 | BR-BrBNA | ||
| 005 | 20231205131924.0 | ||
| 007 | ta | ||
| 008 | 230509b bl.|||p| |||| 00| 00por d | ||
| 040 |
_aBR-BrBNA _bpor _cBiblioteca Nacional de Agricultura |
||
| 041 | _a(Pt) | ||
| 072 | _aQ04; Q05 | ||
| 100 | 1 | _aViana, E. de S. | |
| 100 | 1 | _aMamede, M.E. de O. | |
| 100 | 1 | _aReis, R.C. | |
| 100 | 1 | _aCarvalho, L.D. de | |
| 100 | 1 | _aFonseca, M.D. | |
| 245 | 1 | _aDesenvolvimento de geleia de umbu-cajá convencional e dietética | |
| 650 | _aGELEIA | ||
| 650 | _aADOÇANTE | ||
| 650 | _aPROPRIEDADE FÍSICO QUÍMICA | ||
| 650 | _aANÁLISE ORGANOLÉPTICA | ||
| 773 | 0 |
_tRevista Brasileira de Fruticultura (Brazil) _xISSN 1806-9967 _g(Jul-Sep 2015), v. 37(3) p. 708-717 _wBR2019001479 |
|
| 856 | 4 | 0 | _uhttp://www.scielo.br/pdf/rbf/v37n3/0100-2945-RBF-37-3-708.pdf |
| 909 |
_a202311 _bLúcia _c55 _dLúcia Elande |
||
| 942 |
_2AGRIS _n0 _cANA |
||
| 999 |
_c257498 _d257498 |
||